Studies on the production of toxins by Fomes Lignosis : 1- Preliminary investigations (Record no. 69724)

MARC details
000 -LEADER
fixed length control field 00498nam a2200169Ia 4500
100 ## - MAIN ENTRY--AUTHOR NAME
Personal name Peries O S
245 #0 - TITLE STATEMENT
Title Studies on the production of toxins by Fomes Lignosis : 1- Preliminary investigations
260 ## - PUBLICATION, DISTRIBUTION, ETC. (IMPRINT)
Name of publisher Rubber Research Institute of Ceylon Quarterly Journal
Year of publication 1959
300 ## - PHYSICAL DESCRIPTION
Number of Pages 38-40
650 ## - SUBJECT ADDED ENTRY--TOPICAL TERM
Topical Term Disease control
650 ## - SUBJECT ADDED ENTRY--TOPICAL TERM
Topical Term Fomes lignosus
650 ## - SUBJECT ADDED ENTRY--TOPICAL TERM
Topical Term Rubber
650 ## - SUBJECT ADDED ENTRY--TOPICAL TERM
Topical Term Toxins
650 ## - SUBJECT ADDED ENTRY--TOPICAL TERM
Topical Term White root disease
942 ## - ADDED ENTRY ELEMENTS (KOHA)
Koha item type Journals
Holdings
Withdrawn status Lost status Damaged status Not for loan Home library Current library Shelving location Date acquired Serial Enumeration / chronology Koha item type
      Journals RRII Library RRII Library Pathology 17/12/2021 Volume 35, Issue 2 Journals